000 01137nmc a2200385 a 4500
003 AR-BaBNM
005 20251128205351.0
008 011101s1991 ||||||||||||||000 | spa||
020 _a84-7774-076-3
040 _cAR-BaBNM
100 1 _aLloréns Molina, Juan Antonio
245 1 0 _aComenzando a aprender química
_bideas para el desarrollo curricular
260 _aMadrid
_bVisor
_c1991
300 0 _a310 p.
_bdiagr., il.
490 0 _aAprendizaje
_vv. 76
504 _aBibliografía: p. 299-310
600 0 4 _aDemocrito
600 1 4 _aVigotsky, Liev Semiónovich
_d1896-1934
600 1 4 _aPiaget, Jean
650 4 _aENSENANZA DE LA QUIMICA
650 4 _aTEORIAS DEL APRENDIZAJE
650 4 _aCIENCIA
650 4 _aMETODOS DE ENSENANZA
650 4 _aACTIVIDADES CIENTIFICAS
650 4 _aQUIMICA
650 4 _aPROPIEDADES QUIMICAS
650 4 _aQUIMICA DE LOS ELEMENTOS Y COMPUESTOS
650 4 _aCURRICULO
653 0 _aCONSTRUCTIVISMO
700 1 _aPozo Municio, Juan Ignacio
_eprologuista
800 1 _aAlvarez, Amelia
_edirector
800 1 _aDel Río, Pablo
_edirector
942 _cBK
998 _csilvi
999 _c11120
_d11120